| 000 | 00600nam a2200229Ia 4500 | ||
|---|---|---|---|
| 003 | OSt | ||
| 005 | 20220926013036.0 | ||
| 006 | a|||||r|||| 00| 0 | ||
| 007 | ta | ||
| 008 | 220923b |||||||| |||| 00| 0 eng d | ||
| 037 | _cGeneral Book | ||
| 040 |
_aRTL _cRTL _beng |
||
| 041 |
_2eng _aeng |
||
| 082 | _aY:37, L5 | ||
| 100 |
_aLevin Jack _9147458 |
||
| 245 | 0 | _aFunctions of prejudice | |
| 260 |
_aNew York _bHarper and Row _c1975 |
||
| 300 |
_aviii,150p _ccm. |
||
| 500 | _aBibliography P 133-146 | ||
| 942 |
_hY:37, L5 _cGB _2CC |
||
| 999 |
_c625046 _d625046 |
||